00264nam a2200097Ia 4500008004100000100001800041245005000059260004000109300000900149650000800158191201s2008 xx 000 0 und d aTRIPATHI, P C 0aPersonnel Management and Industrial Relations aN.DelhibS Chand and Co. Ltd.c2008 a25.3 aMBA